Universitario Quiz - Statistics

General Stats
  • This quiz has been taken 15 times
  • The average score is 9 of 15
Answer Stats
Hint Answer % Correct
Jugador historico con 8 titulos Puma Carranza
82%
Apodado "la pulga" Raul Ruidiaz
82%
Arquero que salio tricampeon con la u Oscar Ibañez
73%
Perdio un clasico-final con la camiseta de alianza y luego gano uno de estos en la u Aldo Corzo
64%
Jugador historico odiado por otros y amado por otros Chemo del solar
64%
Goleador brasileño Eduardo Esidio
64%
Central capitan apodado el "negro" Carlos Galvan
55%
Uruguayo campeón en 2013 Diego Guastavino
55%
El capitan de america Hector Chumpitaz
55%
Tiro un puñetazo en un clasico Jorge Amado Nunes
55%
Uno de los presidentes mas exitosos del club Jorge Nicolini
55%
Arquero que tenia una cancion Juan Carlos Zubzuck
55%
Excelente cobrador de tiros libres, campeon con la u en 2009 Norberto solano
55%
Metio un gol de tijera en la final del 2009 Piero Alva
55%
Entrenador que saco tricampeon a la u Roberto Chale
55%
No matching quizzes found
Score Distribution
Percent of People with Each Score
Percentile by Number Answered
Your Score History
You have not taken this quiz